000 01137nam a2200325 4500
003 EG-GICUC
005 20260331122445.0
008 260331s2005 be ad||fr|||| 000 0 eng d
020 _a28027204322
040 _aEG-GiCUC
_beng
_cEG-GiCUC
_dEG-GiCUC
_erda
041 0 _aeng
082 0 4 _221
_a341.48
_bSO
092 0 4 _221
099 _aLaw1 11 341.48 SO 2005
245 0 0 _aSocial Rights And Market Forces :
_bA study based on four communication campaigns /
_cEdited By Olivier De Schutter, And Simon Deakin
264 1 _aBruxelles :
_bBruylant
_c2005.
300 _a351 pages,
_c24 cm.
336 _2rda content
_atext
337 _2rda media
_aComputer
338 _2rda carrier
_aOnline Resource
490 _aCollection Du Centre Des Droits De L'homme De L'université Catholique De Louvain
504 _a Includes bibliographical references.
546 _aText in English
650 1 4 _aPublic international law
700 1 _aDe Schutter,y Olivier
_eeditor.
700 1 _aDeakin, Simon
_eeditor.
856 4 0 _uhttps://fll.law.cu.edu.eg/fulltext/bks/B11-08881.pdf
905 _a48
942 _2ddc
_cBK
_e21
_n0
999 _c67790
_d67790